Catálogo
 En Linea

Antigüedades canarias : (Registro nro. 39578)

Detalles MARC
000 -CABECERA
campo de control de longitud fija 00699nam a2200169 a 4500
001 - NÚMERO DE CONTROL
campo de control 000040088
005 - FECHA Y HORA DE LA ÚLTIMA TRANSACCIÓN
campo de control 20201002033918.0
008 - DATOS DE LONGITUD FIJA--INFORMACIÓN GENERAL
campo de control de longitud fija 130806s1980 sp 000 0 spa d
020 ## - NÚMERO INTERNACIONAL ESTÁNDAR DEL LIBRO
Número Internacional Estándar del Libro 8485437047
040 ## - FUENTE DE LA CATALOGACIÓN
Centro catalogador/agencia de origen DO-SdBNP
Lengua de catalogación spa
Centro/agencia transcriptor BNPHU
100 1# - ENTRADA PRINCIPAL--NOMBRE DE PERSONA
Nombre de persona Berthelot, Sabin
9 (RLIN) 66350
245 10 - MENCIÓN DE TÍTULO
Título Antigüedades canarias :
Resto del título anotaciones sobre el origen de los pueblos que ocupan la isla afortunadas desde los primeros tiempos hasta la época de su conquista /
Mención de responsabilidad, etc. Sabin Berthelot ; traducido por Helena García Cano.
260 ## - PUBLICACIÓN, DISTRIBUCIÓN, ETC.
Lugar de publicación, distribución, etc. Santa Cruz de Tenerife :
Nombre del editor, distribuidor, etc. Goya Artes Gráfica,
Fecha de publicación, distribución, etc. 1980.
300 ## - DESCRIPCIÓN FÍSICA
Extensión 166 p. ;
Dimensiones 23 cm.
500 ## - NOTA GENERAL
Nota general Incluye notas al pie de las páginas
700 1# - PUNTO DE ACCESO ADICIONAL--NOMBRE DE PERSONA
Nombre de persona García Cano, Helena
Término indicativo de función/relación tr.
9 (RLIN) 66351
Existencias
Estado de retiro Estado de pérdida Restricciones de uso No para préstamo Código de colección Localización permanente Ubicación/localización actual Ubicación en estantería Fecha de adquisición Número de inventario Total de préstamos Signatura topográfica completa Código de barras Fecha visto por última vez Precio válido a partir de Tipo de ítem Koha
      Excluido de préstamo Monografías: Libros y Folletos Patrimonio Dominicano Patrimonio Dominicano En catalogación 06.08.2013 LF1   40088-10 25.06.2020 25.06.2020 No se presta

Con tecnología Koha